000 00519nam a22001937a 4500
003 OSt
005 20160823140929.0
008 160823b xxu||||| |||| 00| 0 eng d
020 _a0199635390
040 _cDNLM.
082 _aWE100C17 1997.
100 _aEdited by Doods,W.Alister;Sim,B.Robert;
_910908
245 _aComplement.
_bA Practical approach.
260 _aNew York.
_bIRL Press.
_c1997.
300 _axxi,274p;
_bill.
_c23cm.
504 _aincludes index.
650 _aMedicine.
_9324
942 _2z
_cO_SHELF
999 _c5080
_d5080